पर्यावरण संरक्षण / (Record no. 27599)

MARC details
000 -LEADER
fixed length control field 01485nam a22002897a 4500
005 - DATE AND TIME OF LATEST TRANSACTION
control field 2009061804084.0
008 - FIXED-LENGTH DATA ELEMENTS--GENERAL INFORMATION
fixed length control field 090119t xxu||||| |||| 00| 0hin d
010 ## - LCCN (DPL NO)
LC control number HIN-86983 B-356882
020 ## - INTERNATIONAL STANDARD BOOK NUMBER
Terms of availability 225.00
International Standard Book Number 8190385658
035 ## - SYSTEM CONTROL NUMBER
System control number HN-59329
035 ## - SYSTEM CONTROL NUMBER
System control number B-356882
037 ## - SOURCE OF ACQUISITION
Source of stock number/acquisition DBAD /PUB
040 ## - CATALOGING SOURCE
Original cataloging agency DPL
Language of cataloging HN
082 ## - DEWEY DECIMAL CLASSIFICATION NUMBER
Classification number 363.7
100 ## - MAIN ENTRY--PERSONAL NAME
Personal name गर्ग, एन.के.
245 ## - TITLE STATEMENT
Title पर्यावरण संरक्षण /
Statement of responsibility, etc एन.के. गर्ग
246 ## - VARYING FORM OF TITLE
Title proper/short title Paryavarana sanrakashan
Remainder of title by N.K. Garg
260 ## - PUBLICATION, DISTRIBUTION, ETC. (IMPRINT)
Place of publication, distribution, etc दिल्ली
Name of publisher, distributor, etc आयुष पब्लिशिंग हाऊस
Date of publication, distribution, etc 2007
270 ## - ADDRESS
Address 1/10825 सुभाष पार्क, गली नं.3, शाहदरा
City दिल्ली
Postal code 110032
300 ## - PHYSICAL DESCRIPTION
Extent 219 पृ.
Dimensions 22सेमी (सजिल्द)
650 ## - SUBJECT ADDED ENTRY--TOPICAL TERM
Topical term or geographic name as entry element पर्यावरण नीति
Geographic subdivision भारत
650 ## - SUBJECT ADDED ENTRY--TOPICAL TERM
Topical term or geographic name as entry element Environmental policy
Geographic subdivision India
942 ## - ADDED ENTRY ELEMENTS (KOHA)
Source of classification or shelving scheme Dewey Decimal Classification
Item type Hindi Books
Call number suffix गर्गए
Classification part 363.7
Holdings
Withdrawn status Lost status Source of classification or shelving scheme Damaged status Not for loan Home library Current library Date acquired Source of acquisition Cost, normal purchase price Total Checkouts Full call number Barcode Date last seen Copy number Cost, replacement price Koha item type Collection code
    Dewey Decimal Classification   Not For Loan D.B.Act.Division D.B.Act.Division 18/06/2009 DBAD / PUB 225.00   363.7 गर्गए HN-59329 18/06/2009 1 225.00 Hindi Books  
  Written-off vide DLB M. No. 383 dt 16.05.19 Dewey Decimal Classification     Janak Puri Janak Puri 09/09/2009   225.00 13 363.7 गर्गए B-356882 27/06/2018 1 225.00 Hindi Books Non-fiction

© Delhi Public Library
Hit Counter
free hit counter